| 000 | 00674 a2200169 4500 | ||
|---|---|---|---|
| 020 | _a0750615702 (paperback) | ||
| 020 | _a9780750615709 (paperback) | ||
| 090 |
_c4555 _d4555 |
||
| 100 | 1 | _aGarrison, Terry. | |
| 245 | 1 | 0 |
_aManaging people across europe / _cTerry Garrison, David Rees. |
| 260 |
_a[S.l.] : _bButterworth-Heinemann, _c1994. |
||
| 300 |
_a178 p. ; _c23 cm. |
||
| 520 | _aAddresses the growing need for managers to understand cross-cultural differences in management style and practice across Europe. Paper. | ||
| 700 | 1 | _aRees, David. | |
| 856 | 4 | 0 |
_3Amazon.com _uhttp://www.amazon.com/exec/obidos/ASIN/0750615702/chopaconline-20 |
| 942 |
_aNBS _cBK _k658.3 MAN |
||
| 999 |
_c346997 _d346997 |
||